National identities in Pakistan : (Record no. 14614)

000 -LEADER
fixed length control field 01433cam a2200385 a 4500
001 - CONTROL NUMBER
control field 16091548
003 - CONTROL NUMBER IDENTIFIER
control field OSt
005 - DATE AND TIME OF LATEST TRANSACTION
control field 20170105102900.0
008 - FIXED-LENGTH DATA ELEMENTS--GENERAL INFORMATION
fixed length control field 100212s2011 enk b 001 0 eng
010 ## - LIBRARY OF CONGRESS CONTROL NUMBER
LC control number 2010003866
015 ## - NATIONAL BIBLIOGRAPHY NUMBER
National bibliography number GBA990879
Source bnb
016 7# - NATIONAL BIBLIOGRAPHIC AGENCY CONTROL NUMBER
Record control number 015371164
Source Uk
020 ## - INTERNATIONAL STANDARD BOOK NUMBER
International Standard Book Number 9780415779586 (hardback)
020 ## - INTERNATIONAL STANDARD BOOK NUMBER
International Standard Book Number 0415779588 (hardback)
020 ## - INTERNATIONAL STANDARD BOOK NUMBER
International Standard Book Number 9780203865385 (ebook)
020 ## - INTERNATIONAL STANDARD BOOK NUMBER
International Standard Book Number 0203865383 (ebook)
035 ## - SYSTEM CONTROL NUMBER
System control number (OCoLC)ocn511619944
040 ## - CATALOGING SOURCE
Original cataloging agency DLC
Transcribing agency DLC
Modifying agency YDX
-- BWK
-- YDXCP
-- UKM
-- BWX
-- CDX
-- DLC
043 ## - GEOGRAPHIC AREA CODE
Geographic area code a-pk---
-- a-ii---
050 00 - LIBRARY OF CONGRESS CALL NUMBER
Classification number PK5416
Item number .C55 2011
082 00 - DEWEY DECIMAL CLASSIFICATION NUMBER
Classification number 820.995491
Edition number 22
Author Mark CIL 2011
100 1# - MAIN ENTRY--PERSONAL NAME
Personal name Cilano, Cara.
245 10 - TITLE STATEMENT
Title National identities in Pakistan :
Remainder of title the 1971 war in contemporary Pakistani fiction /
Statement of responsibility, etc. Cara Cilano.
260 ## - PUBLICATION, DISTRIBUTION, ETC.
Place of publication, distribution, etc. London ;
-- New York :
Name of publisher, distributor, etc. Routledge,
Date of publication, distribution, etc. 2011.
300 ## - PHYSICAL DESCRIPTION
Extent xi, 149 p. ;
Dimensions 24 cm.
490 1# - SERIES STATEMENT
Series statement Routledge contemporary South Asia series ;
Volume/sequential designation 32
504 ## - BIBLIOGRAPHY, ETC. NOTE
Bibliography, etc. note Includes bibliographical references and index.
650 #0 - SUBJECT ADDED ENTRY--TOPICAL TERM
Topical term or geographic name entry element Pakistani literature
Chronological subdivision 20th century
General subdivision History and criticism.
650 #0 - SUBJECT ADDED ENTRY--TOPICAL TERM
Topical term or geographic name entry element India-Pakistan Conflict, 1971
General subdivision Literature and the war.
650 #0 - SUBJECT ADDED ENTRY--TOPICAL TERM
Topical term or geographic name entry element Nationalism in literature.
830 #0 - SERIES ADDED ENTRY--UNIFORM TITLE
Uniform title Routledge contemporary South Asia series ;
Volume/sequential designation 32.
906 ## - LOCAL DATA ELEMENT F, LDF (RLIN)
a 7
b cbc
c orignew
d 1
e ecip
f 20
g y-gencatlg
942 ## - ADDED ENTRY ELEMENTS (KOHA)
Source of classification or shelving scheme
Koha item type Book
Holdings
Withdrawn status Lost status Damaged status Not for loan Collection code Permanent Location Current Location Shelving location Date acquired Total Checkouts Full call number Barcode Date last seen Price effective from Koha item type
          Centre for International Peace & Stability (CIPS) Centre for International Peace & Stability (CIPS) General Stacks 09/16/2013   820.995491 CIL 2011 CIPS0001063 10/10/2013 10/10/2013 Book
© 2023 Central Library, National University of Sciences and Technology. All Rights Reserved.